| 000 | 01342nam a22002777a 4500 | ||
|---|---|---|---|
| 005 | 20090803133833.0 | ||
| 010 | _aHIN-87607 | ||
| 020 |
_a9788188939343 _c150.00 |
||
| 035 | _aHN-59953 | ||
| 035 | _aB-421096 | ||
| 037 | _bDBAD / PUB | ||
| 037 | _bDBAD/ उपहार | ||
| 082 | _a821 | ||
| 100 |
_aप्रसाद, जयशंकर _922426 |
||
| 245 |
_aचित्राधार / _cजयशंकर प्रसाद |
||
| 246 |
_aChitraadhaara _bby Jaishankar Prasad |
||
| 260 |
_aदिल्ली _bविमला बुक्स _c2009 |
||
| 270 |
_aफेस ई 1/267, सोनिया विहार, _bदिल्ली _e110094 |
||
| 300 |
_a96पृ. _c22सेमी (सजिल्द) |
||
| 650 |
_aहिन्दी कविता _9697 |
||
| 650 |
_aHindi poetry _9698 |
||
| 942 |
_2ddc _cHN _mप्रसाद _h821 |
||
| 999 |
_c28868 _d28868 |
||